Bankám se daří, je třeba být ale ve střehu

Rovnako ako každý rok aj tento rok v júni publikovala Česká národná banka (ČNB) svoju ďalšiu veľkú správu - Správu o finančnej stabilite. Z nej vyplýva, že hoci je bankový sektor stabilný, zdá sa, že jeho ziskovosť sa bude postupne znižovať, a zároveň sa javí, že banky budú musieť vynaložiť viac pro...

Descripción completa

Guardado en:
Detalles Bibliográficos
Formato: Capítulo de libro
Lenguaje:checo
Materias:
Etiquetas: Agregar Etiqueta
Sin Etiquetas, Sea el primero en etiquetar este registro!

MARC

LEADER 00000naa a2200000 4500
001 0305445
005 20241204121447.5
041 0 |a cze 
044 |a CZ 
245 1 0 |a Bankám se daří, je třeba být ale ve střehu 
520 |a Rovnako ako každý rok aj tento rok v júni publikovala Česká národná banka (ČNB) svoju ďalšiu veľkú správu - Správu o finančnej stabilite. Z nej vyplýva, že hoci je bankový sektor stabilný, zdá sa, že jeho ziskovosť sa bude postupne znižovať, a zároveň sa javí, že banky budú musieť vynaložiť viac prostriedkov na krytie systémových rizík. 
610 2 0 |a banky 
610 2 0 |a sektor finančný 
610 2 0 |a stabilita finančná 
610 2 0 |a zisk 
610 2 0 |a riziko